[Event "Gibraltar Challengers-B 13th"]
[Site "Caleta"]
[Date "2015.02.02"]
[Round "3"]
[White "Isherwood, Paul"]
[Black "Mohnblatt, Daniel"]
[Result "1-0"]
[WhiteElo "2002"]
[BlackElo "1863"]
[PlyCount "37"]
[EventDate "2015.01.31"]
[EventType "swiss"]
[EventRounds "5"]
[EventCountry "GGB"]
[SourceTitle "CBM 164 Extra"]
[Source "ChessBase"]
[SourceDate "2015.03.02"]
[SourceVersion "1"]
[SourceVersionDate "2015.03.02"]
[SourceQuality "1"]

1. e4 c6 2. d4 d5 3. exd5 cxd5 4. c4 Nf6 5. Nc3 Nc6 6. Nf3 Bg4 7. cxd5 Nxd5 8. Be2 e6 9. 0-0 Bd6 10. Bg5 Qa5 11. Qd2 0-0 12. Rfd1 h6 13. Nxd5 Qxd5 14. Bf4 Rfd8 15. a3 Rac8 16. h3 Bh5 17. b4 Bb8 18. Rac1 Ne7 19. Bxb8 1-0

[Event "Gibraltar Challengers-B 13th"]
[Site "Caleta"]
[Date "2015.01.31"]
[Round "1"]
[White "Isherwood, Paul"]
[Black "Janev, Pavel"]
[Result "0-1"]
[WhiteElo "2002"]
[BlackElo "2196"]
[PlyCount "98"]
[EventDate "2015.01.31"]
[EventType "swiss"]
[EventRounds "5"]
[EventCountry "GGB"]
[SourceTitle "CBM 164 Extra"]
[Source "ChessBase"]
[SourceDate "2015.03.02"]
[SourceVersion "1"]
[SourceVersionDate "2015.03.02"]
[SourceQuality "1"]

1. d4 Nf6 2. Nf3 b6 3. e3 Bb7 4. Bd3 e6 5. 0-0 Be7 6. Nbd2 d5 7. b3 a5 8. c4 a4 9. bxa4 Nc6 10. cxd5 exd5 11. Ne5 Nxe5 12. dxe5 Ne4 13. Qg4 Qd7 14. Qxd7+ Kxd7 15. Nxe4 dxe4 16. Bc4 Ke8 17. Bd2 Bc5 18. Rfb1 Bc6 19. Bb5 Bxb5 20. axb5 Ra4 21. a3 Rxa3 22. Rxa3 Bxa3 23. Bb4 Bxb4 24. Rxb4 Kd7 25. Rd4+ Ke6 26. Rxe4 Kd5 27. Rd4+ Kc5 28. Rd7 Kxb5 29. Rxc7 Ka6 30. Kf1 b5 31. Ke2 b4 32. Kd3 Kb6 33. Rc4 Kb5 34. Rc7 Ka4 35. Kc4 Ra8 36. Rxf7 b3 37. Rb7 Rc8+ 38. Kd5 Rd8+ 39. Ke6 Rd2 40. f4 Rxg2 41. Kf7 Rxh2 42. Kxg7 h5 43. Kg6 h4 44. Kg5 h3 45. Kg4 b2 46. Kg3 Re2 47. Ra7+ Kb3 48. Kxh3 Rxe3+ 49. Kg4 Re4 0-1

[Event "Gibraltar Challengers-A 12th"]
[Site "Caleta"]
[Date "2014.01.30"]
[Round "4"]
[White "Jorgensen, Line Jin"]
[Black "Isherwood, Paul"]
[Result "0-1"]
[WhiteElo "1925"]
[BlackElo "2020"]
[PlyCount "44"]
[EventDate "2014.01.27"]
[EventType "swiss"]
[EventRounds "5"]
[EventCountry "GGB"]
[SourceTitle "CBM 158 Extra"]
[Source "ChessBase"]
[SourceDate "2014.02.28"]
[SourceVersion "1"]
[SourceVersionDate "2014.02.28"]
[SourceQuality "1"]

1. d4 d6 2. e4 Nf6 3. Nc3 Nbd7 4. Nf3 e5 5. Bc4 Be7 6. Qe2 0-0 7. 0-0 c6 8. dxe5 dxe5 9. a4 Qc7 10. h3 Nc5 11. Bg5 Ne6 12. Be3 Nf4 13. Bxf4 exf4 14. e5 Nh5 15. Rfe1 Bc5 16. Ne4 Ng3 17. Qd2 Nxe4 18. Rxe4 Be6 19. b4 Rad8 20. Qc3 Bd5 21. Bxd5 cxd5 22. Rxf4 Bxf2+ 0-1

[Event "Gibraltar Challengers-A 12th"]
[Site "Caleta"]
[Date "2014.01.27"]
[Round "1"]
[White "Isherwood, Paul"]
[Black "Sanchez Castillo, Sarai Carolina"]
[Result "0-1"]
[WhiteElo "2020"]
[BlackElo "2219"]
[PlyCount "114"]
[EventDate "2014.01.27"]
[EventType "swiss"]
[EventRounds "5"]
[EventCountry "GGB"]
[SourceTitle "CBM 158 Extra"]
[Source "ChessBase"]
[SourceDate "2014.02.28"]
[SourceVersion "1"]
[SourceVersionDate "2014.02.28"]
[SourceQuality "1"]

1. e4 e6 2. d4 d5 3. Nd2 c5 4. c3 Nc6 5. Ngf3 Nf6 6. Bd3 Qb6 7. 0-0 cxd4 8. cxd4 Nxd4 9. e5 Nd7 10. Nxd4 Qxd4 11. Nf3 Qb6 12. Qa4 Qb4 13. Qc2 h6 14. Be3 Bc5 15. Bd2 Qb6 16. b4 Be7 17. Rac1 0-0 18. a3 Qd8 19. Rb1 Nb6 20. Qc1 f5 21. exf6 Bxf6 22. Re1 Bd7 23. Ne5 Rc8 24. Qd1 Bxe5 25. Rxe5 Qf6 26. Qe2 Nc4 27. Bxc4 Rxc4 28. Re1 Rc2 29. Qe3 a6 30. h3 Rfc8 31. Qd4 R8c4 32. Qd3 Rc7 33. Qd4 Kh7 34. R1e3 R7c4 35. Qd3+ Qg6 36. Qe2 Ra2 37. Rd3 Rcc2 38. Qe3 Qf6 39. Be1 Re2 40. Qxe2 Rxe2 41. Rxe2 Bb5 42. Bc3 Qe7 43. Rde3 Bxe2 44. Rxe2 Qc7 45. Bb2 Qc8 46. Kf1 d4 47. Bxd4 Qc1+ 48. Re1 Qc4+ 49. Kg1 Qxd4 50. Re3 e5 51. g3 g5 52. Kg2 Kg6 53. g4 Kf6 54. Kf1 e4 55. Ke2 Qb2+ 56. Kf1 Ke5 57. f3 Kf4 0-1

[Event "Benidorm op U2300 11th"]
[Site "Benidorm"]
[Date "2012.11.30"]
[Round "1"]
[White "Pena Riasco, Alexander"]
[Black "Isherwood, Paul"]
[Result "1-0"]
[WhiteElo "2176"]
[BlackElo "2019"]
[PlyCount "33"]
[EventDate "2012.11.30"]
[EventType "swiss"]
[EventRounds "10"]
[EventCountry "ESP"]
[SourceTitle "EXT 2014"]
[Source "ChessBase"]
[SourceDate "2013.11.20"]
[SourceVersion "1"]
[SourceVersionDate "2013.11.20"]
[SourceQuality "1"]

1. e4 d6 2. d4 Nf6 3. Nc3 e5 4. Nge2 c6 5. f3 Nbd7 6. Be3 b5 7. a3 a6 8. Qd2 h5 9. Nc1 Qc7 10. Nb3 Be7 11. Qf2 h4 12. Be2 g6 13. 0-0-0 Rb8 14. f4 exd4 15. Bxd4 Nc5 16. Nxc5 dxc5 17. Be5 1-0

[Event "SCO-ch 119th"]
[Site "Glasgow"]
[Date "2012.10.07"]
[Round "4"]
[White "Isherwood, Paul"]
[Black "Thomas, Daniel"]
[Result "1/2-1/2"]
[WhiteElo "2024"]
[BlackElo "1793"]
[PlyCount "48"]
[EventDate "2012.07.07"]
[EventType "swiss"]
[EventRounds "9"]
[EventCountry "SCO"]
[SourceTitle "CBM 149 Extra"]
[Source "ChessBase"]
[SourceDate "2012.08.24"]
[SourceVersion "1"]
[SourceVersionDate "2012.08.24"]
[SourceQuality "1"]

1. e4 Nf6 2. e5 Nd5 3. d4 e6 4. Nf3 c5 5. c4 Nb6 6. d5 d6 7. dxe6 Bxe6 8. Ng5 d5 9. cxd5 Qxd5 10. Nxe6 Qxe5+ 11. Be2 fxe6 12. 0-0 Bd6 13. g3 0-0 14. Bf3 Nc6 15. Bxc6 bxc6 16. Nc3 Rad8 17. Re1 Qf6 18. Qe2 Kh8 19. Ne4 Qg6 20. Bg5 Rd7 21. Nxd6 Qxg5 22. Qxe6 Qd2 23. Nf7+ Kg8 24. Re2 Qd4 1/2-1/2

[Event "SCO-ch 119th"]
[Site "Glasgow"]
[Date "2012.07.14"]
[Round "9"]
[White "Isherwood, Paul"]
[Black "Durno, Joy"]
[Result "1-0"]
[WhiteElo "2024"]
[BlackElo "1729"]
[PlyCount "43"]
[EventDate "2012.07.07"]
[EventType "swiss"]
[EventRounds "9"]
[EventCountry "SCO"]
[SourceTitle "EXT 2023"]
[Source "ChessBase"]
[SourceDate "2022.10.05"]
[SourceVersion "1"]
[SourceVersionDate "2022.10.05"]
[SourceQuality "1"]

1. e4 c5 2. Nf3 e6 3. c3 Nf6 4. e5 Nd5 5. d4 cxd4 6. Bc4 Nb6 7. Bb3 dxc3 8. Nxc3 d5 9. exd6 Bxd6 10. 0-0 Nc6 11. Qe2 a6 12. Rd1 Qc7 13. Be3 Be7 14. g3 f6 15. Bxe6 Ne5 16. Bxc8 Nxf3+ 17. Qxf3 Nxc8 18. Nd5 Qa5 19. Nxe7 Nxe7 20. Qxb7 Kf7 21. Rd7 Rhe8 22. Rxe7+ 1-0

[Event "SCO-ch 119th"]
[Site "Glasgow"]
[Date "2012.07.14"]
[Round "8"]
[White "Orr, Mark JL"]
[Black "Isherwood, Paul"]
[Result "1-0"]
[WhiteElo "2260"]
[BlackElo "2024"]
[PlyCount "81"]
[EventDate "2012.07.07"]
[EventType "swiss"]
[EventRounds "9"]
[EventCountry "SCO"]
[SourceTitle "EXT 2023"]
[Source "ChessBase"]
[SourceDate "2022.10.05"]
[SourceVersion "1"]
[SourceVersionDate "2022.10.05"]
[SourceQuality "1"]

1. c4 Nf6 2. Nf3 d6 3. g3 e5 4. Bg2 Nbd7 5. 0-0 Be7 6. d4 0-0 7. Nc3 c6 8. e4 a6 9. d5 cxd5 10. cxd5 b5 11. Ne1 Nb6 12. Nd3 Qc7 13. Bd2 Bd7 14. Qe2 a5 15. Rfc1 Qb8 16. Nd1 Nc4 17. Be1 Rc8 18. a3 Bd8 19. h3 a4 20. Kh2 Bb6 21. Bc3 Na5 22. Bxa5 Bxa5 23. Rxc8+ Qxc8 24. Rc1 Qe8 25. Nb4 Rc8 26. Rc3 Rc5 27. f3 Qc8 28. Qc2 Ne8 29. Rxc5 dxc5 30. Nd3 Nd6 31. Qxc5 Nc4 32. Qxc8+ Bxc8 33. Bf1 f5 34. Nc5 Nd6 35. f4 exf4 36. e5 fxg3+ 37. Kxg3 f4+ 38. Kxf4 Bd7 39. Kf3 Nf5 40. d6 Nh4+ 41. Ke4 1-0

[Event "SCO-ch 119th"]
[Site "Glasgow"]
[Date "2012.07.07"]
[Round "1"]
[White "Campbell, Eoin S"]
[Black "Isherwood, Paul"]
[Result "0-1"]
[WhiteElo "1868"]
[BlackElo "2024"]
[PlyCount "78"]
[EventDate "2012.07.07"]
[EventType "swiss"]
[EventRounds "9"]
[EventCountry "SCO"]
[SourceTitle "CBM 149 Extra"]
[Source "ChessBase"]
[SourceDate "2012.08.24"]
[SourceVersion "1"]
[SourceVersionDate "2012.08.24"]
[SourceQuality "1"]

1. Nf3 d6 2. d4 Nf6 3. c4 Nbd7 4. Nc3 e5 5. e4 c6 6. Be2 a6 7. 0-0 b5 8. a3 Be7 9. Re1 0-0 10. h3 Re8 11. b4 Qc7 12. Bb2 Qb8 13. Qb3 h6 14. Rac1 Bf8 15. cxb5 axb5 16. dxe5 dxe5 17. a4 bxa4 18. Nxa4 Qxb4 19. Bc4 Qxb3 20. Bxb3 Rb8 21. Bd1 Ba6 22. Rxc6 Bb5 23. Rc7 Bd6 24. Ra7 Bxa4 25. Bxa4 Rxb2 26. Bxd7 Rd8 27. Bc6 Bc5 28. Rea1 Bxf2+ 29. Kh2 Nh5 30. Ra8 Bg3+ 31. Kh1 Rxa8 32. Bxa8 Nf4 33. Rf1 Rxg2 34. Bd5 Rb2 35. Rg1 Nh5 36. Ra1 Bf4 37. Ra8+ Kh7 38. Bxf7 Ng3+ 39. Kg1 Be3# 0-1

[Event "Gibraltar Masters 10th"]
[Site "Caleta"]
[Date "2012.01.31"]
[Round "8"]
[White "Henrichsen, Jens"]
[Black "Isherwood, Paul"]
[Result "1-0"]
[WhiteElo "1901"]
[BlackElo "2042"]
[PlyCount "155"]
[EventDate "2012.01.24"]
[EventType "swiss"]
[EventRounds "10"]
[EventCountry "GGB"]
[SourceTitle "CBM 147"]
[Source "ChessBase"]
[SourceDate "2012.03.16"]
[SourceVersion "1"]
[SourceVersionDate "2012.03.16"]
[SourceQuality "1"]

1. Nf3 d6 2. d4 Nf6 3. c4 Nbd7 4. Nc3 e5 5. e4 c6 6. Be2 a6 7. 0-0 b5 8. a3 Bb7 9. d5 cxd5 10. cxd5 Be7 11. Re1 0-0 12. Nd2 Rc8 13. Nf1 Rxc3 14. bxc3 Nxe4 15. Bd3 Nxc3 16. Bxh7+ Kh8 17. Qd3 Nf6 18. Bf5 Ncxd5 19. Qh3+ Kg8 20. Re4 Nf4 21. Rxf4 exf4 22. Bxf4 g6 23. Ne3 Bc8 24. Rc1 Bxf5 25. Nxf5 Nh5 26. Bh6 Bg5 27. Bxf8 Bxc1 28. Be7 Qa5 29. Ne3 Qe1+ 30. Nf1 Qxe7 31. Qc8+ Kg7 32. Qxc1 Qe5 33. h3 Nf4 34. Qd2 d5 35. Ne3 d4 36. Ng4 Qe4 37. f3 Qf5 38. Qxd4+ Kh7 39. Nf6+ Kh6 40. Ng4+ Kg5 41. h4+ Kxh4 42. g3+ Kh3 43. gxf4 Qb1+ 44. Kf2 Qa2+ 45. Ke1 Kg3 46. Ne5 a5 47. Qg1+ Qg2 48. Qxg2+ Kxg2 49. Ke2 Kg3 50. Ke3 b4 51. a4 f6 52. Nxg6 b3 53. Kd3 Kxf3 54. f5 b2 55. Kc2 b1Q+ 56. Kxb1 Ke4 57. Ne7 Ke5 58. Kc2 Kd6 59. Ng8 Ke5 60. Nh6 Kf4 61. Kd3 Kg5 62. Ng8 Kxf5 63. Ne7+ Ke5 64. Nc6+ Kd5 65. Nxa5 Kc5 66. Nb3+ Kb4 67. a5 Kb5 68. Ke4 Ka6 69. Kf5 Kb5 70. Kxf6 Ka6 71. Ke5 Kb5 72. Kd5 Ka6 73. Kc5 Kb7 74. Kb5 Ka7 75. Nc5 Ka8 76. Kb6 Kb8 77. Ne6 Ka8 78. a6 1-0

[Event "Gibraltar Masters 10th"]
[Site "Caleta"]
[Date "2012.01.26"]
[Round "3"]
[White "Isherwood, Paul"]
[Black "Coleman, Teddy"]
[Result "1/2-1/2"]
[WhiteElo "2042"]
[BlackElo "2356"]
[PlyCount "102"]
[EventDate "2012.01.24"]
[EventType "swiss"]
[EventRounds "10"]
[EventCountry "GGB"]
[SourceTitle "CBM 147"]
[Source "ChessBase"]
[SourceDate "2012.03.16"]
[SourceVersion "1"]
[SourceVersionDate "2012.03.16"]
[SourceQuality "1"]

1. e4 c5 2. Nf3 e6 3. c3 Nf6 4. e5 Nd5 5. d4 cxd4 6. Bc4 Nb6 7. Bb3 d6 8. cxd4 dxe5 9. Nxe5 Nc6 10. Nf3 Be7 11. 0-0 Bf6 12. Be3 Na5 13. Nc3 0-0 14. Bc2 Nac4 15. Ne4 Be7 16. Bg5 Nxb2 17. Qc1 N2c4 18. Bd3 Nd6 19. Bxe7 Qxe7 20. Qc5 Rd8 21. Nxd6 Qxd6 22. Qh5 g6 23. Qh4 Bd7 24. Ng5 h5 25. Ne4 Qf8 26. Nf6+ Kh8 27. Nxh5 Qh6 28. Qf6+ Kg8 29. Nf4 Qg7 30. Qxg7+ Kxg7 31. Be4 Bc6 32. Bxc6 bxc6 33. Ne2 Rd5 34. Rfc1 Rc8 35. a4 a5 36. Rab1 Nxa4 37. Rc4 c5 38. Rxa4 cxd4 39. Rxd4 Re5 40. Kf1 Rc2 41. Nc1 Rf5 42. Nd3 Rd2 43. Rb2 Rfxf2+ 44. Nxf2 Rxd4 45. Ra2 Rd5 46. Ke2 e5 47. Nd1 Rc5 48. Kd3 Rd5+ 49. Ke2 Rc5 50. Kd3 Rd5+ 51. Ke2 Rc5 1/2-1/2

[Event "Gibraltar Challengers-B 9th"]
[Site "Caleta"]
[Date "2011.02.02"]
[Round "5"]
[White "Montabord, Manuel"]
[Black "Isherwood, Paul"]
[Result "0-1"]
[WhiteElo "2063"]
[BlackElo "2014"]
[PlyCount "52"]
[EventDate "2011.01.29"]
[EventType "swiss"]
[EventRounds "5"]
[EventCountry "GGB"]
[SourceTitle "CBM 140 Extra"]
[Source "ChessBase"]
[SourceDate "2011.03.01"]
[SourceVersion "1"]
[SourceVersionDate "2011.03.01"]
[SourceQuality "1"]

1. e4 d6 2. d4 Nf6 3. Nc3 e5 4. Nge2 c6 5. g3 Nbd7 6. Bg2 b5 7. 0-0 Be7 8. h3 0-0 9. Be3 a6 10. Qe1 Bb7 11. f4 Re8 12. Qf2 b4 13. Nb1 exd4 14. Nxd4 c5 15. Nf5 Bxe4 16. Bxe4 Nxe4 17. Qg2 Bf6 18. Nd2 d5 19. Rad1 Qc7 20. Nxe4 Rxe4 21. Rxd5 Rae8 22. Rfd1 Rxe3 23. Rxd7 Re1+ 24. Rxe1 Rxe1+ 25. Kf2 Qxd7 26. Qa8+ Re8 0-1

[Event "Gibraltar Challengers-B 9th"]
[Site "Caleta"]
[Date "2011.02.01"]
[Round "4"]
[White "Isherwood, Paul"]
[Black "Carlsten, Peter"]
[Result "1/2-1/2"]
[WhiteElo "2014"]
[BlackElo "2110"]
[PlyCount "39"]
[EventDate "2011.01.29"]
[EventType "swiss"]
[EventRounds "5"]
[EventCountry "GGB"]
[SourceTitle "CBM 140 Extra"]
[Source "ChessBase"]
[SourceDate "2011.03.01"]
[SourceVersion "1"]
[SourceVersionDate "2011.03.01"]
[SourceQuality "1"]

1. e4 c5 2. c3 Nf6 3. e5 Nd5 4. d4 cxd4 5. Nf3 e6 6. Bc4 Nb6 7. Bb3 d6 8. cxd4 Nc6 9. exd6 Bxd6 10. 0-0 0-0 11. Nc3 Bd7 12. Re1 Nb4 13. Ne4 Be7 14. Ne5 N4d5 15. Qf3 Ba4 16. Qg3 Bh4 17. Qf3 Bxb3 18. axb3 Be7 19. Qg3 Bh4 20. Qf3 1/2-1/2

[Event "Gibraltar Challengers-B 9th"]
[Site "Caleta"]
[Date "2011.01.29"]
[Round "1"]
[White "Elishev, Ivan"]
[Black "Isherwood, Paul"]
[Result "1-0"]
[WhiteElo "2226"]
[BlackElo "2014"]
[PlyCount "67"]
[EventDate "2011.01.29"]
[EventType "swiss"]
[EventRounds "5"]
[EventCountry "GGB"]
[SourceTitle "CBM 140 Extra"]
[Source "ChessBase"]
[SourceDate "2011.03.01"]
[SourceVersion "1"]
[SourceVersionDate "2011.03.01"]
[SourceQuality "1"]

1. e4 d6 2. d4 Nf6 3. Nc3 e5 4. Nf3 Nbd7 5. Bc4 Be7 6. 0-0 0-0 7. a4 c6 8. Qe2 b6 9. Rd1 Qc7 10. Bg5 h6 11. Bh4 Bb7 12. h3 a6 13. Bg3 b5 14. Ba2 b4 15. Nb1 c5 16. dxe5 Nxe5 17. Nbd2 Nxf3+ 18. Qxf3 Kh8 19. Qe2 Qc6 20. f3 a5 21. Bc4 Qb6 22. Nf1 Rad8 23. Ne3 Nh5 24. Bh2 Bf6 25. g4 Bxb2 26. gxh5 d5 27. Bxd5 Ba6 28. Bc4 Bxc4 29. Nxc4 Qa6 30. Rab1 Bd4+ 31. Kh1 Rde8 32. Re1 f6 33. Nd6 c4 34. Qxc4 1-0

[Event "Paignton Bruce Premier"]
[Site "Paignton"]
[Date "2010.09.07"]
[Round "3"]
[White "Isherwood, Paul"]
[Black "Thompson, Robert"]
[Result "1/2-1/2"]
[WhiteElo "2017"]
[BlackElo "1895"]
[PlyCount "40"]
[EventDate "2010.09.05"]
[EventType "swiss"]
[EventRounds "7"]
[EventCountry "ENG"]
[SourceTitle "EXT 2023"]
[Source "ChessBase"]
[SourceDate "2022.10.05"]
[SourceVersion "1"]
[SourceVersionDate "2022.10.05"]
[SourceQuality "1"]

1. d4 Nf6 2. Nf3 g6 3. Nbd2 d5 4. e3 Bg7 5. Bd3 0-0 6. 0-0 Nbd7 7. c3 c5 8. h3 a6 9. b4 b6 10. e4 dxe4 11. Nxe4 Bb7 12. Nxf6+ Bxf6 13. Bh6 Re8 14. Bc4 e6 15. Re1 Qc7 16. d5 exd5 17. Rxe8+ Rxe8 18. Bxd5 Bxd5 19. Qxd5 Ne5 20. Nxe5 Bxe5 1/2-1/2

[Event "Gibraltar Challengers-A 8th"]
[Site "Caleta"]
[Date "2010.01.30"]
[Round "5"]
[White "Steinskog, Asbjorn Ottesen"]
[Black "Isherwood, Paul"]
[Result "0-1"]
[WhiteElo "1884"]
[BlackElo "2017"]
[PlyCount "100"]
[EventDate "2010.01.26"]
[EventType "swiss"]
[EventRounds "5"]
[EventCountry "GGB"]
[SourceTitle "CBM 134 Extra"]
[Source "ChessBase"]
[SourceDate "2010.03.03"]
[SourceVersion "1"]
[SourceVersionDate "2010.03.03"]
[SourceQuality "1"]

1. Nf3 d6 2. d4 Nf6 3. g3 Nbd7 4. c4 e5 5. Nc3 c6 6. e4 Be7 7. Bg2 a6 8. a4 a5 9. h3 Qc7 10. Be3 0-0 11. 0-0 exd4 12. Nxd4 Nc5 13. Nb3 Nfd7 14. f4 Nxb3 15. Qxb3 b6 16. Ne2 Ba6 17. Rac1 Bf6 18. Qc2 Rae8 19. g4 Bh4 20. Rfd1 Nc5 21. Nd4 g6 22. Nf3 Bf6 23. Nh2 Bg7 24. Nf1 Bb7 25. Rd2 Ne6 26. Rcd1 c5 27. Rxd6 Nd4 28. Bxd4 Bxd4+ 29. R1xd4 cxd4 30. Rxd4 Qc5 31. Qf2 Rd8 32. Rxd8 Rxd8 33. Qxc5 bxc5 34. Kf2 Bc6 35. Ke3 Rb8 36. Bf3 Rb3+ 37. Ke2 Rxb2+ 38. Nd2 Ra2 39. Ke1 Ra1+ 40. Kf2 Bxa4 41. e5 Bc2 42. Bd5 a4 43. Nf3 Ra2 44. Ng5 a3 45. Bxf7+ Kf8 46. Bd5 Ke7 47. Ke3 Rb2 48. f5 gxf5 49. gxf5 Bxf5 50. Ne4 Bxe4 0-1

[Event "Gibraltar Challengers-A 8th"]
[Site "Caleta"]
[Date "2010.01.29"]
[Round "4"]
[White "Isherwood, Paul"]
[Black "Sommerhalder, Eric"]
[Result "0-1"]
[WhiteElo "2017"]
[BlackElo "1899"]
[PlyCount "90"]
[EventDate "2010.01.26"]
[EventType "swiss"]
[EventRounds "5"]
[EventCountry "GGB"]
[SourceTitle "CBM 134 Extra"]
[Source "ChessBase"]
[SourceDate "2010.03.03"]
[SourceVersion "1"]
[SourceVersionDate "2010.03.03"]
[SourceQuality "1"]

1. d4 d5 2. Nf3 Nc6 3. e3 Bg4 4. Nbd2 e5 5. h3 Bxf3 6. Nxf3 e4 7. Nd2 f5 8. c4 Nf6 9. cxd5 Nxd5 10. Bc4 Qd7 11. Nxe4 0-0-0 12. Nc3 Bb4 13. Bd2 Nb6 14. Be2 Kb8 15. a3 Be7 16. Qc2 Bf6 17. Rc1 f4 18. 0-0 fxe3 19. fxe3 Nxd4 20. Bg4 Qxg4 21. hxg4 Nxc2 22. Rxc2 Rhe8 23. Bc1 Nc8 24. e4 Bxc3 25. Rxc3 Rxe4 26. Rf7 Re7 27. Rxe7 Nxe7 28. Bg5 Rd7 29. Rf3 Nc8 30. Kf2 b6 31. Bf4 Kb7 32. Be5 Nd6 33. Bxd6 Rxd6 34. Ke3 Rg6 35. Rf4 Rg5 36. Kf3 Kc6 37. b4 Rd5 38. Rc4+ Kd6 39. Rc3 c5 40. Ke3 Rd4 41. bxc5+ bxc5 42. g5 Rg4 43. Rd3+ Kc6 44. g6 Rg3+ 45. Ke4 Rxd3 0-1

[Event "Monarch Assurance 10th"]
[Site "Port Erin"]
[Date "2001.10.02"]
[Round "4"]
[White "Isherwood, Paul"]
[Black "Yurenok, Maria S"]
[Result "0-1"]
[WhiteElo "2172"]
[BlackElo "2088"]
[PlyCount "84"]
[EventDate "2001.09.29"]
[EventType "swiss"]
[EventRounds "9"]
[EventCountry "IOM"]
[SourceTitle "CBM 084 Extra"]
[Source "ChessBase"]
[SourceDate "2001.10.26"]
[SourceVersion "1"]
[SourceVersionDate "2001.10.26"]
[SourceQuality "1"]

1. e4 c5 2. Nf3 e6 3. d4 cxd4 4. Nxd4 Nc6 5. Nb3 Nf6 6. Nc3 a6 7. f4 d6 8. Bd3 Be7 9. Qf3 0-0 10. Be3 Bd7 11. 0-0 b5 12. Rae1 b4 13. Nd1 a5 14. g4 a4 15. Nd2 d5 16. e5 Ne8 17. Qh3 f5 18. Nf3 Nc7 19. Nd4 Nxd4 20. Bxd4 Bb5 21. Ne3 Bxd3 22. cxd3 Nb5 23. gxf5 Nxd4 24. fxe6 g6 25. Kh1 Nf5 26. Ng4 Qb6 27. Re2 Qxe6 28. Rg2 Kh8 29. Rfg1 Nh4 30. Rf2 d4 31. Rg3 Qc6+ 32. Kg1 Nf5 33. Rgg2 Bh4 34. Rf1 Rac8 35. Re2 Qe6 36. Nh6 Be7 37. Rg2 Rc6 38. Ng4 Ne3 39. f5 Nxf5 40. Rgf2 Qg8 41. Qg2 Rfc8 42. Qe4 h5 0-1